00605nam a2200205Ia 4500003000400000005001700004008004100021020001900062040000700081041000800088082001600096100002700112245003100139260003700170300000900207650002000216942001300236999001900249952013100268OSt20250821151541.0250729s2005 xx 000 0 und d a978-8126120772 cAL aeng a574.07 MEHM aMehadi Sagheer9221707 aModern teaching of biology aNew DelhibAnmol Publisherc2005 a395p aBiology9221708 2ddccBED c235139d235139 00104070aALbALd2025-07-29eSita Book Houseg180.00l0o574.07 MEHMpBED00458r2025-07-29 16:53:45v180.00w2025-07-29yBK